[Event "2nd Gujarat Open 2019"]
[Site "Ahmedabad, Gujarat"]
[Date "2019.09.22"]
[Round "?"]
[White "Sibi Srinivas Einstein"]
[Black "Sidhant, Mohapatra"]
[Result "0-1"]
[WhiteElo "1751"]
[BlackElo "2357"]
[Annotator "NA"]
[PlyCount "138"]
[EventDate "2019.09.22"]
[EventCountry "IND"]
[SourceTitle "playchess.com"]
[Source "ChessBase"]
[SourceQuality "1"]
[TimeControl "5400+30"]

1. d4 {[%emt 0:00:00]} Nf6 {[%emt 0:03:52]} 2. c4 {[%emt 0:00:41]} e6 {[%emt 0:00:23]} 3. Nf3 {[%emt 0:01:21]} d5 {[%emt 0:00:13]} 4. Nc3 {[%emt 0:03:43]} a6 {[%emt 0:01:14]} 5. cxd5 {[%emt 0:05:43]} exd5 {[%emt 0:00:43]} 6. Bg5 {[%emt 0:01:46]} Be6 {[%emt 0:04:08]} 7. Qc2 {[%emt 0:08:37]} Nbd7 {[%emt 0:02:33]} 8. e3 {[%emt 0:05:45]} Rc8 {[%emt 0:08:49]} 9. Bd3 {[%emt 0:11:00]} Bd6 {[%emt 0:02:27]} 10. O-O {[%emt 0:04:51]} h6 {[%emt 0:00:21]} 11. Bxf6 Nxf6 {[%emt 0:00:30]} 12. e4 dxe4 {[%emt 0:00:30]} 13. Nxe4 O-O {[%emt 0:00:30]} 14. a3 a5 {[%emt 0:00:30]} 15. Rfe1 Bd5 {[%emt 0:00:30]} 16. Nxf6+ Qxf6 {[%emt 0:00:30]} 17. Be4 Bxe4 {[%emt 0:00:30]} 18. Rxe4 Rfd8 {[%emt 0:00:30]} 19. Qe2 c6 {[%emt 0:00:30]} 20. Re1 Bf8 {[%emt 0:00:30]} 21. g3 Rd5 {[%emt 0:00:30]} 22. Kg2 c5 {[%emt 0:00:30]} 23. Rc1 b6 {[%emt 0:00:30]} 24. dxc5 Rdxc5 {[%emt 0:00:30]} 25. Rxc5 Bxc5 {[%emt 0:00:30]} 26. Re8+ Rxe8 {[%emt 0:00:30]} 27. Qxe8+ Kh7 {[%emt 0:00:30]} 28. b4 Be7 {[%emt 0:00:30]} 29. Qb5 axb4 {[%emt 0:00:30]} 30. axb4 Qd6 {[%emt 0:00:30]} 31. Qf5+ Kg8 {[%emt 0:00:30]} 32. b5 g6 {[%emt 0:00:30]} 33. Qc8+ Kg7 {[%emt 0:00:30]} 34. Qc4 Qf6 {[%emt 0:00:30]} 35. Nd2 Qe5 {[%emt 0:00:30]} 36. Nf3 Qb2 {[%emt 0:00:30]} 37. Nd4 Bc5 {[%emt 0:00:30]} 38. Ne2 Kg8 {[%emt 0:00:30]} 39. Qd3 Qa2 {[%emt 0:00:30]} 40. Kf3 Qa8+ {[%emt 0:00:30]} 41. Qe4 Qxe4+ {[%emt 0:00:30]} 42. Kxe4 Bxf2 {[%emt 0:00:30]} 43. Kd5 f5 {[%emt 0:00:30]} 44. Nf4 Kf7 {[%emt 0:00:30]} 45. Kc6 Bg1 {[%emt 0:00:30]} 46. Ne2 Be3 {[%emt 0:00:30]} 47. Nc3 g5 {[%emt 0:00:30]} 48. Kd5 Kg6 {[%emt 0:00:30]} 49. Ke5 Bg1 {[%emt 0:00:30]} 50. Nd5 Bc5 {[%emt 0:00:30]} 51. Ke6 h5 {[%emt 0:00:30]} 52. Ke5 Bg1 {[%emt 0:00:30]} 53. Ne7+ Kf7 {[%emt 0:00:30]} 54. Nxf5 Bxh2 {[%emt 0:00:30]} 55. Kd5 Kg6 {[%emt 0:00:30]} 56. Ke6 g4 {[%emt 0:00:30]} 57. Ne7+ Kg5 {[%emt 0:00:30]} 58. Nf5 Bxg3 {[%emt 0:00:30]} 59. Nxg3 h4 {[%emt 0:00:30]} 60. Ne4+ Kf4 {[%emt 0:00:30]} 61. Nc3 h3 {[%emt 0:00:30]} 62. Nd5+ Kf3 {[%emt 0:00:30]} 63. Nxb6 h2 {[%emt 0:00:30]} 64. Nd5 h1=Q {[%emt 0:00:30]} 65. b6 Qh6+ {[%emt 0:00:30]} 66. Kd7 Qg7+ {[%emt 0:00:30]} 67. Kc6 g3 {[%emt 0:00:30]} 68. b7 Qg8 {[%emt 0:00:30]} 69. Kc7 Qxd5 {[%emt 0:00:30]} 0-1

[Event "2nd Gujarat Open 2019"]
[Site "Ahmedabad, Gujarat"]
[Date "2019.09.22"]
[Round "?"]
[White "Ananmay Sharma"]
[Black "Neelash Saha"]
[Result "0-1"]
[WhiteElo "1734"]
[BlackElo "2334"]
[Annotator "NA"]
[PlyCount "56"]
[EventDate "2019.09.22"]
[EventCountry "IND"]
[SourceTitle "playchess.com"]
[Source "ChessBase"]
[SourceQuality "1"]
[TimeControl "5400+30"]

1. d4 {[%emt 0:00:00]} Nf6 {[%emt 0:00:00]} 2. Bf4 {[%emt 0:00:00]} d5 {[%emt 0:00:08]} 3. e3 {[%emt 0:00:00]} c5 {[%emt 0:00:03]} 4. c3 {[%emt 0:00:01]} Nc6 {[%emt 0:00:04]} 5. Nd2 {[%emt 0:00:22]} Bf5 {[%emt 0:00:10]} 6. Qb3 {[%emt 0:00:29]} Qc8 {[%emt 0:00:04]} 7. Ngf3 {[%emt 0:00:42]} c4 {[%emt 0:00:40]} 8. Qd1 {[%emt 0:01:49]} h6 {[%emt 0:00:37]} 9. b3 {[%emt 0:03:09]} b5 {[%emt 0:04:16]} 10. a4 {[%emt 0:01:40]} b4 {[%emt 0:02:24]} 11. bxc4 {[%emt 0:00:49]} bxc3 {[%emt 0:00:13]} 12. Nb3 {[%emt 0:00:06]} Nb4 {[%emt 0:00:25]} 13. Rc1 {[%emt 0:00:48]} Na2 {[%emt 0:08:46]} 14. Ra1 {[%emt 0:01:14]} c2 {[%emt 0:02:58]} 15. Qd2 {[%emt 0:02:37]} Qb7 {[%emt 0:00:53]} 16. Nc1 {[%emt 0:02:27]} Nxc1 {[%emt 0:02:12]} 17. Qxc1 {[%emt 0:01:24]} e5 {[%emt 0:00:17]} 18. Nxe5 {[%emt 0:03:43]} Bb4+ {[%emt 0:00:27]} 19. Ke2 {[%emt 0:00:07]} Bc3 {[%emt 0:00:39]} 20. g4 {[%emt 0:02:35]} Bb2 {[%emt 0:02:26]} 21. Qe1 {[%emt 0:00:27]} Bxa1 {[%emt 0:00:42]} 22. Qxa1 {[%emt 0:00:06]} dxc4 {[%emt 0:01:46]} 23. Bh3 {[%emt 0:02:16]} Bd3+ {[%emt 0:00:30]} 24. Nxd3 {[%emt 0:00:24]} cxd3+ {[%emt 0:00:03]} 25. Kxd3 {[%emt 0:00:08]} Rc8 {[%emt 0:00:20]} 26. g5 {[%emt 0:00:59]} Qa6+ {[%emt 0:01:32]} 27. Kd2 {[%emt 0:00:28]} Ne4+ {[%emt 0:00:05]} 28. Kc1 {[%emt 0:00:27]} Qd3 {[%emt 0:00:10]} 0-1

[Event "2nd Gujarat Open 2019"]
[Site "Ahmedabad, Gujarat"]
[Date "2019.09.22"]
[Round "?"]
[White "Kukreja Sankalp"]
[Black "Rathnakaran, K.."]
[Result "0-1"]
[WhiteElo "1719"]
[BlackElo "2325"]
[Annotator "NA"]
[PlyCount "72"]
[EventDate "2019.09.22"]
[EventCountry "IND"]
[SourceTitle "playchess.com"]
[Source "ChessBase"]
[SourceQuality "1"]
[TimeControl "5400+30"]

1. e4 {[%emt 0:00:00]} e6 {[%emt 0:00:00]} 2. d4 {[%emt 0:00:00]} d5 {[%emt 0:00:00]} 3. e5 {[%emt 0:00:00]} c5 {[%emt 0:00:00]} 4. c3 {[%emt 0:00:00]} Nc6 {[%emt 0:00:00]} 5. Nf3 {[%emt 0:00:00]} Bd7 {[%emt 0:00:00]} 6. Be2 {[%emt 0:00:02]} f6 {[%emt 0:00:03]} 7. O-O {[%emt 0:00:07]} Qc7 {[%emt 0:00:04]} 8. Re1 {[%emt 0:01:17]} fxe5 {[%emt 0:00:09]} 9. Nxe5 {[%emt 0:00:29]} Nxe5 {[%emt 0:00:05]} 10. dxe5 {[%emt 0:00:19]} O-O-O {[%emt 0:00:15]} 11. Bf4 {[%emt 0:02:00]} Ne7 {[%emt 0:00:37]} 12. Bd3 {[%emt 0:02:10]} h6 {[%emt 0:00:07]} 13. Bg3 {[%emt 0:02:16]} g5 {[%emt 0:00:08]} 14. Nd2 {[%emt 0:07:19]} Bg7 {[%emt 0:00:08]} 15. Qe2 {[%emt 0:07:26]} Rdf8 {[%emt 0:00:44]} 16. c4 {[%emt 0:02:21]} d4 {[%emt 0:00:33]} 17. a3 {[%emt 0:01:44]} h5 {[%emt 0:02:02]} 18. h3 {[%emt 0:01:27]} Bc6 {[%emt 0:02:23]} 19. Be4 {[%emt 0:04:49]} Nf5 {[%emt 0:02:27]} 20. Bxc6 {[%emt 0:03:33]} Qxc6 {[%emt 0:00:09]} 21. Ne4 {[%emt 0:04:10]} Nxg3 {[%emt 0:00:33]} 22. Nxg3 {[%emt 0:00:25]} g4 {[%emt 0:01:46]} 23. hxg4 {[%emt 0:02:44]} hxg4 {[%emt 0:00:05]} 24. Qxg4 {[%emt 0:01:22]} Bh6 {[%emt 0:02:14]} 25. Qe4 {[%emt 0:06:10]} Qd7 {[%emt 0:01:02]} 26. b4 Bd2 {[%emt 0:00:30]} 27. Red1 Bc3 {[%emt 0:00:30]} 28. Rab1 cxb4 {[%emt 0:00:30]} 29. axb4 Qg7 {[%emt 0:00:30]} 30. c5 Qh6 {[%emt 0:00:30]} 31. Qg4 Rf4 {[%emt 0:00:30]} 32. Qh3 Rh4 {[%emt 0:00:30]} 33. Nf5 exf5 {[%emt 0:00:30]} 34. Qxf5+ Kb8 {[%emt 0:00:30]} 35. g3 Rf4 {[%emt 0:00:30]} 36. Qxf4 Qh1# {[%emt 0:00:30]} 0-1

[Event "2nd Gujarat Open 2019"]
[Site "Ahmedabad, Gujarat"]
[Date "2019.09.22"]
[Round "?"]
[White "Akira Sowmyanath"]
[Black "Bharat Kumar Reddy Poluri"]
[Result "0-1"]
[WhiteElo "1717"]
[BlackElo "2304"]
[Annotator "NA"]
[PlyCount "82"]
[EventDate "2019.09.22"]
[EventCountry "IND"]
[SourceTitle "playchess.com"]
[Source "ChessBase"]
[SourceQuality "1"]
[TimeControl "5400+30"]

1. e4 {[%emt 0:00:00]} e6 {[%emt 0:00:25]} 2. d4 {[%emt 0:00:07]} d5 {[%emt 0:00:06]} 3. exd5 {[%emt 0:00:12]} exd5 {[%emt 0:00:04]} 4. Nf3 {[%emt 0:00:14]} Nf6 {[%emt 0:00:21]} 5. Bd3 {[%emt 0:00:36]} c5 {[%emt 0:00:09]} 6. O-O {[%emt 0:02:12]} c4 {[%emt 0:03:39]} 7. Re1+ {[%emt 0:00:11]} Be7 {[%emt 0:00:02]} 8. Bf1 {[%emt 0:00:26]} O-O {[%emt 0:00:04]} 9. h3 {[%emt 0:08:12]} Nc6 {[%emt 0:00:09]} 10. Bf4 {[%emt 0:00:56]} Bf5 {[%emt 0:00:46]} 11. c3 {[%emt 0:02:07]} Re8 {[%emt 0:01:05]} 12. g4 {[%emt 0:06:00]} Be6 {[%emt 0:01:19]} 13. Nbd2 {[%emt 0:02:07]} b5 {[%emt 0:00:24]} 14. b4 {[%emt 0:01:44]} a5 {[%emt 0:00:57]} 15. a3 {[%emt 0:00:27]} Nd7 {[%emt 0:01:25]} 16. Ne5 {[%emt 0:11:56]} Ndxe5 {[%emt 0:01:04]} 17. Bxe5 {[%emt 0:00:06]} Nxe5 {[%emt 0:01:22]} 18. Rxe5 {[%emt 0:00:10]} Bd6 {[%emt 0:00:06]} 19. Re1 {[%emt 0:00:11]} h5 {[%emt 0:00:10]} 20. Bg2 {[%emt 0:08:51]} hxg4 {[%emt 0:01:39]} 21. hxg4 {[%emt 0:00:07]} Qh4 {[%emt 0:01:54]} 22. Nf3 {[%emt 0:04:32]} Qxg4 23. Ne5 {[%emt 0:00:30]} Qg5 24. Qc1 {[%emt 0:00:30]} Qh4 25. Nf3 {[%emt 0:00:30]} Qf4 26. Ne5 {[%emt 0:00:30]} Qf5 27. Qb1 {[%emt 0:00:30]} Qxb1 28. Rexb1 {[%emt 0:00:30]} axb4 29. axb4 {[%emt 0:00:30]} Bc7 30. f4 {[%emt 0:00:30]} g6 31. Re1 {[%emt 0:00:30]} Kg7 32. Kf2 {[%emt 0:00:30]} Bd6 33. Kf3 {[%emt 0:00:30]} Bf5 34. Kg3 {[%emt 0:00:30]} f6 35. Nc6 {[%emt 0:00:30]} Rxe1 36. Rxa8 {[%emt 0:00:30]} Re3+ 37. Kf2 {[%emt 0:00:30]} Rxc3 38. Ra7+ {[%emt 0:00:30]} Kh6 39. Bxd5 {[%emt 0:00:30]} Bxf4 40. Rf7 {[%emt 0:00:30]} Rc2+ 41. Kf3 {[%emt 0:00:30]} Kg5 0-1

[Event "2nd Gujarat Open 2019"]
[Site "Ahmedabad, Gujarat"]
[Date "2019.09.22"]
[Round "?"]
[White "Alekhya Mukhopadhyay"]
[Black "Srija, Seshadri"]
[Result "0-1"]
[WhiteElo "1706"]
[BlackElo "2270"]
[Annotator "NA"]
[PlyCount "58"]
[EventDate "2019.09.22"]
[EventCountry "IND"]
[SourceTitle "playchess.com"]
[Source "ChessBase"]
[SourceQuality "1"]
[TimeControl "5400+30"]

1. b3 {[%emt 0:00:00]} e5 {[%emt 0:00:19]} 2. Bb2 {[%emt 0:00:00]} Nc6 {[%emt 0:00:45]} 3. e3 {[%emt 0:00:09]} g6 {[%emt 0:01:20]} 4. Nf3 {[%emt 0:01:36]} Bg7 {[%emt 0:00:15]} 5. Bb5 {[%emt 0:01:50]} Nge7 {[%emt 0:00:57]} 6. O-O {[%emt 0:01:25]} O-O {[%emt 0:02:35]} 7. d4 {[%emt 0:04:08]} e4 {[%emt 0:06:39]} 8. Ne5 {[%emt 0:02:07]} Nxe5 {[%emt 0:03:33]} 9. dxe5 {[%emt 0:00:27]} d5 {[%emt 0:01:19]} 10. f4 {[%emt 0:19:13]} exf3 {[%emt 0:09:25]} 11. Qxf3 {[%emt 0:01:08]} a6 {[%emt 0:04:18]} 12. Bd3 {[%emt 0:02:26]} Nc6 {[%emt 0:01:22]} 13. Qf4 Qe8 {[%emt 0:00:30]} 14. Nd2 Nxe5 {[%emt 0:00:30]} 15. Ba3 Ng4 {[%emt 0:00:30]} 16. Bxf8 Be5 {[%emt 0:00:30]} 17. Qb4 Bxa1 {[%emt 0:00:30]} 18. Be7 Bg7 {[%emt 0:00:30]} 19. Qc5 Bd7 {[%emt 0:00:30]} 20. h3 b6 {[%emt 0:00:30]} 21. Qa3 Nxe3 {[%emt 0:00:30]} 22. Re1 Bd4 {[%emt 0:00:30]} 23. Kh1 Bxh3 {[%emt 0:00:30]} 24. gxh3 Qd7 {[%emt 0:00:30]} 25. Re2 Qxh3+ {[%emt 0:00:30]} 26. Rh2 Qg4 {[%emt 0:00:30]} 27. Qc1 Nd1 {[%emt 0:00:30]} 28. Rg2 Qh3+ {[%emt 0:00:30]} 29. Rh2 Nf2+ {[%emt 0:00:30]} 0-1

[Event "2nd Gujarat Open 2019"]
[Site "Ahmedabad, Gujarat"]
[Date "2019.09.22"]
[Round "?"]
[White "Kadam, Nikhil"]
[Black "Nikhil Magizhnan"]
[Result "1/2-1/2"]
[WhiteElo "1705"]
[BlackElo "2251"]
[Annotator "NA"]
[PlyCount "44"]
[EventDate "2019.09.22"]
[EventCountry "IND"]
[SourceTitle "playchess.com"]
[Source "ChessBase"]
[SourceQuality "1"]
[TimeControl "5400+30"]

1. e4 {[%emt 0:00:00]} e6 {[%emt 0:01:21]} 2. d4 {[%emt 0:00:04]} d5 {[%emt 0:00:33]} 3. e5 {[%emt 0:00:26]} c5 {[%emt 0:00:31]} 4. Nf3 {[%emt 0:00:48]} Nc6 {[%emt 0:00:46]} 5. Bd3 {[%emt 0:00:35]} cxd4 {[%emt 0:08:14]} 6. O-O {[%emt 0:00:35]} Nge7 {[%emt 0:00:53]} 7. Re1 {[%emt 0:04:25]} Ng6 {[%emt 0:05:08]} 8. a3 {[%emt 0:04:13]} a5 {[%emt 0:03:20]} 9. g3 {[%emt 0:13:51]} Qc7 {[%emt 0:04:34]} 10. Qe2 {[%emt 0:01:19]} Bc5 {[%emt 0:00:44]} 11. Nbd2 {[%emt 0:05:08]} Nge7 {[%emt 0:02:24]} 12. Nf1 {[%emt 0:01:22]} Bd7 {[%emt 0:04:30]} 13. Bd2 {[%emt 0:03:03]} Rc8 {[%emt 0:25:57]} 14. h4 {[%emt 0:07:34]} h6 {[%emt 0:03:25]} 15. N1h2 {[%emt 0:04:38]} Rb8 {[%emt 0:08:31]} 16. h5 {[%emt 0:10:13]} Rf8 {[%emt 0:17:44]} 17. Nh4 {[%emt 0:05:11]} f5 {[%emt 0:04:18]} 18. Ng2 {[%emt 0:04:23]} Kd8 {[%emt 0:03:01]} 19. Nh4 {[%emt 0:00:43]} Ke8 {[%emt 0:00:09]} 20. Ng2 {[%emt 0:00:28]} Kd8 {[%emt 0:00:27]} 21. Nh4 {[%emt 0:00:04]} Ke8 {[%emt 0:00:55]} 22. Ng2 {[%emt 0:00:03]} Kd8 {[%emt 0:00:34]} 1/2-1/2

[Event "2nd Gujarat Open 2019"]
[Site "Ahmedabad, Gujarat"]
[Date "2019.09.22"]
[Round "1"]
[White "Deepan Chakkravarthy J."]
[Black "Abdullah Al, Raison"]
[Result "1-0"]
[WhiteElo "2539"]
[BlackElo "1838"]
[Annotator "TA"]
[PlyCount "64"]
[EventDate "2019.09.22"]
[EventCountry "IND"]
[SourceTitle "playchess.com"]
[Source "ChessBase"]
[SourceQuality "1"]

{[%evp 9,64,-22,-21,-25,-16,-34,-20,-20,-24,-33,32,24,21,9,31,12,24,22,16,23,30,36,29,29,49,40,37,41,54,28,50,62,62,55,68,35,40,24,268,253,260,261,306,289,531,530,525,516,486,500,746,731,820,820,813,792,752]} 1. a4 e5 2. e4 Nf6 3. Nc3 Bc5 (3... Nc6 4. Nf3 Bb4 5. Bb5 O-O 6. O-O d6 7. d3 Bg4 8. Ne2 a6 9. Bxc6 bxc6 {1-0 (32) Carlsen,M (2837)-Radjabov,T (2788) Astana 2012}) 4. d3 h6 5. Be3 Bb4 6. Be2 {A00: Irregular Openings} c6 7. Nf3 d5 {[#] aiming for ...d4.} 8. Bd2 {The position is equal.} Qe7 9. O-O dxe4 (9... O-O $15) 10. Nxe4 $14 Nxe4 11. dxe4 O-O $146 12. a5 Nd7 13. h3 Re8 14. c3 Bc5 15. b4 Bd6 16. Be3 $36 {[%mdl 2048] White is more active.} Nf6 17. Qc2 Be6 18. Nd2 Qc7 19. Nc4 Bxc4 20. Bxc4 b5 21. Be2 Rab8 22. a6 c5 23. c4 bxc4 $2 {[#]} (23... cxb4 $11 {and Black stays safe.} 24. c5 Rec8) 24. bxc5 $18 Bxc5 25. Qxc4 Rec8 26. Rfc1 Bb6 $2 (26... Bxe3 27. Qxc7 Rxc7 28. Rxc7 Bd4) 27. Qxc7 {White is clearly winning.} Rxc7 28. Rxc7 Bxc7 29. Bxa7 Ra8 30. Be3 Nd7 31. Bb5 Nb6 32. a7 Rd8 {Accuracy: White = 81%, Black = 36%.} 1-0

[Event "2nd Gujarat Open 2019"]
[Site "Ahmedabad, Gujarat"]
[Date "2019.09.22"]
[Round "1"]
[White "Vasquez Schroeder, Rodrigo"]
[Black "Abhay Bandewar"]
[Result "1/2-1/2"]
[WhiteElo "2476"]
[BlackElo "1815"]
[Annotator "ChessBase"]
[PlyCount "67"]
[EventDate "2019.09.22"]
[EventCountry "IND"]
[SourceTitle "playchess.com"]
[Source "ChessBase"]
[SourceQuality "1"]
[TimeControl "5400+30"]

1. e4 {[%emt 0:04:13]} c5 {[%emt 0:00:45]} 2. Nf3 {[%emt 0:00:07]} d6 {[%emt 0:00:07]} 3. d4 {[%emt 0:00:03]} cxd4 {[%emt 0:00:06]} 4. Nxd4 {[%emt 0:00:03]} Nf6 {[%emt 0:00:23]} 5. Nc3 {[%emt 0:00:05]} a6 {[%emt 0:03:13]} 6. Bg5 {[%emt 0:00:08]} Nbd7 {[%emt 0:00:11]} 7. Bc4 {[%emt 0:00:54]} Qa5 {[%emt 0:07:27]} 8. Qd2 {[%emt 0:02:23]} b5 {[%emt 0:03:55]} 9. Bd5 {[%emt 0:04:57]} Nxd5 {[%emt 0:02:31]} 10. Nxd5 {[%emt 0:00:09]} Qxd2+ {[%emt 0:00:52]} 11. Bxd2 {[%emt 0:00:55]} Ra7 {[%emt 0:08:39]} 12. Nc6 {[%emt 0:02:48]} Rb7 {[%emt 0:00:30]} 13. Na5 {[%emt 0:02:24]} Rb8 {[%emt 0:08:48]} 14. Nc7+ {[%emt 0:09:55]} Kd8 {[%emt 0:00:27]} 15. Nd5 {[%emt 0:00:10]} Bb7 {[%emt 0:01:48]} 16. Nxb7+ {[%emt 0:02:54]} Rxb7 {[%emt 0:00:07]} 17. O-O-O {[%emt 0:11:25]} e6 {[%emt 0:02:44]} 18. Nb4 {[%emt 0:01:44]} Nb8 {[%emt 0:04:57]} 19. Bf4 {[%emt 0:04:14]} a5 {[%emt 0:03:49]} 20. Nd3 {[%emt 0:00:19]} Kc8 {[%emt 0:02:08]} 21. b3 {[%emt 0:03:11]} Na6 {[%emt 0:08:43]} 22. Nb2 {[%emt 0:00:44]} Nc5 {[%emt 0:02:23]} 23. f3 {[%emt 0:00:26]} Rd7 {[%emt 0:00:27]} 24. Rd2 {[%emt 0:01:02]} Be7 {[%emt 0:00:36]} 25. Rhd1 {[%emt 0:00:13]} Rhd8 {[%emt 0:01:02]} 26. c3 {[%emt 0:00:35]} d5 {[%emt 0:09:10]} 27. exd5 {[%emt 0:00:46]} exd5 {[%emt 0:02:16]} 28. Be3 {[%emt 0:02:17]} Kb7 {[%emt 0:00:27]} 29. Kc2 {[%emt 0:00:28]} Ne6 {[%emt 0:03:48]} 30. g3 {[%emt 0:04:13]} Bf6 {[%emt 0:01:47]} 31. Bd4 {[%emt 0:02:29]} Nxd4+ {[%emt 0:01:51]} 32. cxd4 {[%emt 0:00:02]} Rc8+ {[%emt 0:01:04]} 33. Kd3 {[%emt 0:02:52]} Re7 {[%emt 0:00:55]} 34. Rf1 {[%emt 0:02:34]} 1/2-1/2

[Event "2nd Gujarat Open 2019"]
[Site "Ahmedabad, Gujarat"]
[Date "2019.09.22"]
[Round "1"]
[White "Neelotpal, Das"]
[Black "Vijay, Anand M."]
[Result "1-0"]
[WhiteElo "2433"]
[BlackElo "1806"]
[Annotator "TA"]
[PlyCount "85"]
[EventDate "2019.09.22"]
[EventCountry "IND"]
[SourceTitle "playchess.com"]
[Source "ChessBase"]
[SourceQuality "1"]

{[%evp 17,85,27,41,35,57,54,77,77,77,74,87,94,100,88,87,94,97,83,105,102,199,194,203,205,193,185,193,199,186,182,192,182,203,175,190,159,147,137,164,163,235,239,215,241,236,223,261,248,253,253,258,228,235,230,226,212,208,208,211,173,179,177,176,166,172,165,340,339,342,342]} 1. e4 c5 2. Nc3 g6 3. g3 Bg7 4. Bg2 Nc6 5. d3 e6 6. Be3 Nd4 7. Qd2 Ne7 8. Nd1 d6 9. c3 Ndc6 10. Bh6 {B26: Closed Sicilian: 3 g3, lines with early Be3} Bf6 (10... O-O 11. h4 Bxh6 12. Qxh6 f6 13. Nf3 Ne5 14. Nxe5 dxe5 15. Qe3 b6 16. f4 exf4 17. gxf4 e5 18. Nf2 Qd6 19. fxe5 Qxe5 20. O-O-O {½-½ (51) Solak,D (2590)-Atabayev,M (2446) St Petersburg 2012}) 11. Nh3 Ne5 $146 ({Predecessor:} 11... d5 12. exd5 exd5 13. O-O Ne5 14. d4 cxd4 15. cxd4 Nf3+ 16. Bxf3 Bxh3 17. Re1 Be6 18. Nc3 Qd7 19. Qf4 Nf5 20. Nxd5 Bd8 21. Rad1 Qd6 22. Nc3 Qxf4 23. Bxf4 O-O 24. Bxb7 {1-0 (24) Neelotpal,D (2424)-Mammadzada,G (2316) Doha 2014}) 12. O-O {White is better.} Ng4 13. Bg5 Nc6 14. f3 Bxg5 15. Nxg5 Nf6 16. f4 O-O 17. Ne3 d5 18. e5 d4 (18... Nd7 $16 {was necessary.}) 19. exf6 $18 dxe3 20. Qxe3 Qxf6 21. Qxc5 Qe7 22. Qe3 Bd7 23. Rae1 Rae8 24. d4 h6 25. Nf3 Kg7 26. Qd2 Qd6 27. Ne5 Bc8 28. Rf2 Rd8 (28... Ne7 $142 29. Qd3 h5) 29. Nxc6 bxc6 30. Re5 Rd7 31. Qe2 Rb7 32. Rc5 Bd7 33. Qe5+ Qxe5 34. dxe5 Rfb8 35. Rd2 (35. Bxc6 Rc7 $11) 35... Be8 36. b4 (36. Bxc6 Rc7 $11) 36... Rb5 37. Rc4 a5 {[%cal Ra5b4]} 38. a4 ({Much less strong is} 38. Bxc6 $6 Bxc6 39. Rxc6 axb4 $16) 38... R5b6 39. bxa5 Ra6 {[#]} 40. Rc5 $1 Rba8 41. Rd6 Rxa5 $2 (41... Kf8 42. Bxc6 Bxc6) 42. Rxa5 ({Not} 42. Bxc6 Rxc5 43. Bxa8 Bxa4 $14) 42... Rxa5 43. Rd8 {Accuracy: White = 86%, Black = 54%.} ({Less strong is} 43. Bxc6 Bxc6 44. Rxc6 Rxa4 $14) 1-0

[Event "2nd Gujarat Open 2019"]
[Site "Ahmedabad, Gujarat"]
[Date "2019.09.22"]
[Round "1"]
[White "Karthikeyan, P.."]
[Black "Choubey Saurabh"]
[Result "1-0"]
[WhiteElo "2408"]
[BlackElo "1789"]
[Annotator "TA"]
[PlyCount "101"]
[EventDate "2019.09.22"]
[EventCountry "IND"]
[SourceTitle "playchess.com"]
[Source "ChessBase"]
[SourceQuality "1"]

{[%evp 16,101,30,32,61,22,31,18,26,24,31,0,77,79,94,87,92,99,94,93,72,87,106,81,78,73,81,73,90,50,75,79,126,50,145,88,88,88,92,94,91,92,126,128,141,127,170,173,176,140,176,149,204,203,200,147,229,222,241,54,54,52,59,44,44,44,46,46,46,53,101,85,12837,12836,12836,12836,12836,12836,12846,12847,12847,12847,12848,12847,12851,29971,12851,-12851]} 1. d4 d5 2. Nf3 Nf6 3. Bg5 e6 4. e3 c5 5. c3 Nc6 6. Nbd2 Bd6 7. Bd3 h6 8. Bh4 O-O 9. O-O e5 {D03: 1 d4 d5 2 Nf3 Nf6 3 Bg5, including Torre Attack with early ...d5} 10. dxe5 Nxe5 11. Nxe5 Bxe5 {The position is equal.} 12. e4 (12. f4 Bd6 13. e4 c4 14. Be2 Qb6+ 15. Bf2 Bc5 16. e5 Ne4 17. Nxe4 dxe4 18. Bxc5 Qxc5+ {1-0 (40) Morozevich,A (2788)-Alekseev,E (2708) Moscow 2008}) 12... Qd6 13. exd5 {aiming for Nc4.} (13. Bxf6 $5 Bxf6 14. exd5 $14) 13... Nxd5 (13... Bxh2+ $11 14. Kh1 g5) 14. Nc4 $16 Bxh2+ 15. Kh1 Qc7 16. g3 g5 17. Bxg5 $1 hxg5 {[#]} 18. Qh5 $146 {[%csl Gd3][%cal Rh5h7][%mdl 512]} f5 19. Qxg5+ ({Much weaker is} 19. Qxh2 $6 b5 $11) 19... Qg7 20. Qxg7+ Kxg7 21. Kxh2 f4 22. Be4 Nf6 23. Bf3 Ng4+ 24. Kg2 (24. Kg1 $1 $16) 24... Be6 {[#]} (24... fxg3 $14 25. fxg3 Be6) 25. Rfe1 ({Better is} 25. Nd6 $1) 25... Bxc4 26. Bxg4 fxg3 27. Kxg3 Rad8 28. b3 Rd3+ 29. f3 Bd5 {[%cal Rd5f3]} 30. Rad1 Rxd1 31. Rxd1 {[%mdl 4096] Endgame KRB-KRB} Bc6 32. c4 Rf6 33. Rd8 Kf7 (33... a6 $16 34. f4 Be4 35. Rd7+ Rf7) 34. f4 $18 Ke7 35. Ra8 a6 (35... Rd6 $16 36. Rxa7 Rd3+ 37. Kh4 Rd2) 36. f5 Rd6 {[#]} 37. Kf4 $2 (37. Rh8 $1 $18) 37... Kf6 $1 $14 38. Rf8+ Kg7 $1 39. Rb8 {Black must now prevent Kg5.} Kf6 $1 40. Bf3 {Bxc6 is the strong threat.} Rd4+ 41. Ke3 Bxf3 $1 42. Kxf3 {KR-KR} Rd2 43. Rxb7 {Threatens to win with Rb6+.} Rxa2 $2 {[%mdl 8192]} (43... Kxf5 $16 44. a4 Rh2) 44. Ke4 $18 Re2+ 45. Kd5 Re5+ 46. Kd6 Kxf5 47. Rc7 Re3 48. Rxc5+ Kf6 49. Ra5 Rxb3 50. c5 Rb5 51. c6 $4 {[%mdl 40960] Accuracy: White = 61%, Black = 42%. . Loss on time!?} (51. Rxa6 $18 Rb3 52. Kd7+ Kg5 53. c6 Rd3+ 54. Kc8) 1-0